书目信息 |
| 题名: |
传热学理论及应用研究
|
|
| 作者: | 秦臻 著 | |
| 分册: | ||
| 出版信息: | 北京 中国水利水电出版社 2015.08 |
|
| 页数: | 221页 | |
| 开本: | 26cm | |
| 丛书名: | ||
| 单 册: | ||
| 中图分类: | TK124 | |
| 科图分类: | ||
| 主题词: | 热力工程--理论 | |
| 电子资源: | ||
| ISBN: | 978-7-5170-3496-4 | |
| 000 | 00568nam0 2200193 450 | |
| 001 | 388 | |
| 005 | 20160905102819.99 | |
| 010 | @a978-7-5170-3496-4@dCNY45.00 | |
| 100 | @a20160722d2015 km y0chiy0120 ea | |
| 101 | 0 | @achi |
| 102 | @aCN@b110000 | |
| 200 | 1 | @a传热学理论及应用研究@Achuan re xue li lun ji ying yong yan jiu@f秦臻著@Fqin zhen zhu |
| 210 | @a北京@c中国水利水电出版社@d2015.08 | |
| 215 | @a221页@d26cm | |
| 606 | 0 | @a热力工程@x理论 |
| 690 | @aTK124@v4 | |
| 701 | 0 | @a秦臻@Aqin zhen@4著 |
| 801 | 0 | @aCN@b唐山师范学院图书馆@c20160722 |
| 905 | @aZUCC@dTK124@e125 | |
| 传热学理论及应用研究/秦臻著.-北京:中国水利水电出版社,2015.08 |
| 221页;26cm |
| ISBN 978-7-5170-3496-4:CNY45.00 |
| ● |
| 相关链接 |
|
|
|
|
正题名:传热学理论及应用研究
索取号:TK124/125
 
预约/预借
| 序号 | 登录号 | 条形码 | 馆藏地/架位号 | 状态 | 备注 |
| 1 | 901647 | 209016474 | 第二样本阅览室/ [索取号:TK124/125] | 在馆 | |
| 2 | 901648 | 209016483 | 第三借阅区/ [索取号:TK124/125] | 在馆 | |
| 3 | 901649 | 209016492 | 第三借阅区/ [索取号:TK124/125] | 在馆 | |
| 4 | 901650 | 209016508 | 第三借阅区/ [索取号:TK124/125] | 在馆 | |
| 5 | 901651 | 209016517 | 第三借阅区/ [索取号:TK124/125] | 在馆 |